Countries with Portuguese as Official Langauge - Statistics

General Stats
  • This quiz has been taken 41 times
  • The average score is 7 of 9
Answer Stats
Continent # Country % Correct
Europe 1 Portugal
100%
South America 1 Brazil
97%
Africa 1 Angola
91%
Africa 1 Mozambique
81%
Asia 2 Timor-Leste
78%
Africa 1 Cabo Verde
75%
Africa 1 Guinea-Bissau
63%
Africa 1 São Tomé and Principe
56%
Africa 3 Equatorial Guinea
44%
No matching quizzes found
Score Distribution
Percent of People with Each Score
Percentile by Number Answered
Your Score History
You have not taken this quiz